Chemical kinetics (Record no. 15004)

000 -LEADER
fixed length control field 00504nam a22001937a 4500
001 - CONTROL NUMBER
control field 15004
003 - CONTROL NUMBER IDENTIFIER
control field BD-DhUET
008 - FIXED-LENGTH DATA ELEMENTS--GENERAL INFORMATION
fixed length control field 150310b xxu||||| |||| 00| 0 eng d
040 ## - CATALOGING SOURCE
Original cataloging agency DLC
Transcribing agency DLC
Modifying agency BD-DhUET
082 ## - DEWEY DECIMAL CLASSIFICATION NUMBER
Classification number 541.394
Item number LAI/1965
100 ## - MAIN ENTRY--PERSONAL NAME
Personal name Laidler, Keith J.
245 ## - TITLE STATEMENT
Title Chemical kinetics
250 ## - EDITION STATEMENT
Edition statement 2nd ed.
260 ## - PUBLICATION, DISTRIBUTION, ETC. (IMPRINT)
Place of publication, distribution, etc. New Delhi
Name of publisher, distributor, etc. Tata McGraw-Hill
Date of publication, distribution, etc. 1965
300 ## - PHYSICAL DESCRIPTION
Extent viii,566p.
Other physical details illus.
504 ## - BIBLIOGRAPHY, ETC. NOTE
Bibliography, etc Includes bibliographies
650 #0 - SUBJECT ADDED ENTRY--TOPICAL TERM
Topical term or geographic name as entry element Kinetics : Reactions : Chemistry
942 ## - ADDED ENTRY ELEMENTS (KOHA)
Koha item type General Book
Holdings
Location (home branch) Source of classification or shelving scheme Not for loan Koha date last seen Shelving location Price effective from Sublocation or collection (holding branch) Koha item type Koha full call number Date acquired Koha normalized classification for sorting Withdrawn status Damaged status Copy number Piece designation (barcode) Lost status
Central Library, BUET  2015-03-10Circulation section2015-03-10Central Library, BUETGeneral Book541.394/LAI/19652015-03-10541_394000000000000_LAI_1965  133559 
Central Library, BUET  2015-03-14Circulation section2015-03-14Central Library, BUETGeneral Book541.394/LAI/19652015-03-14541_394000000000000_LAI_1965  258458 
Central Library, BUET  2025-11-29Circulation section2015-03-14Central Library, BUETGeneral Book541.394/LAI/19652015-03-14541_394000000000000_LAI_1965  358454 
Central Library, BUET  2015-03-14Circulation section2015-03-14Central Library, BUETGeneral Book541.394/LAI/19652015-03-14541_394000000000000_LAI_1965  458460 
Central Library, BUET  2015-03-14Circulation section2015-03-14Central Library, BUETGeneral Book541.394/LAI/19652015-03-14541_394000000000000_LAI_1965  529718